Lecture on the public sector and Parliament (Record no. 501014)
[ view plain ]
| 000 -LEADER | |
|---|---|
| fixed length control field | 00416cam a22001337a 4500 |
| 008 - FIXED-LENGTH DATA ELEMENTS--GENERAL INFORMATION | |
| fixed length control field | 180718b1962 xxu||||| |||| 00| 0 eng d |
| 082 ## - DEWEY DECIMAL CLASSIFICATION NUMBER | |
| Classification number | U2x42 In2p |
| 100 ## - MAIN ENTRY--PERSONAL NAME | |
| Personal name | Self, Henry |
| 245 ## - TITLE STATEMENT | |
| Title | Lecture on the public sector and Parliament |
| Statement of responsibility, etc. | by Henry Self |
| 260 ## - PUBLICATION, DISTRIBUTION, ETC. | |
| Place of publication, distribution, etc. | New Delhi |
| Name of publisher, distributor, etc. | Indian Institute of Public Administration |
| Date of publication, distribution, etc. | 1962 |
| 300 ## - PHYSICAL DESCRIPTION | |
| Extent | 31p. |
| 500 ## - GENERAL NOTE | |
| General note | Lecture held on 2.1.1962 |
| 650 ## - SUBJECT ADDED ENTRY--TOPICAL TERM | |
| Topical term or geographic name entry element | Lecture --Publis sector |
| Withdrawn status | Lost status | Damaged status | Not for loan | Permanent Location | Current Location | Date acquired | Full call number | Barcode | Date last seen | Price effective from | Koha item type |
|---|---|---|---|---|---|---|---|---|---|---|---|
| Indian Institute of Public Administration | Indian Institute of Public Administration | 2018-08-04 | U2x42 In2p | GR5023 | 2018-08-04 | 2018-08-04 | GR | ||||
| Indian Institute of Public Administration | Indian Institute of Public Administration | 2018-08-04 | U2x42 In2p | GR5021 | 2018-08-04 | 2018-08-04 | GR | ||||
| Indian Institute of Public Administration | Indian Institute of Public Administration | 2018-08-04 | U2x42 In2p | GR5020 | 2018-08-04 | 2018-08-04 | GR | ||||
| Indian Institute of Public Administration | Indian Institute of Public Administration | 2018-08-04 | U2x42 In2p | GR5019 | 2018-08-04 | 2018-08-04 | GR |
